50 Biggest Places In Arizona - Statistics

General Stats
  • This quiz has been taken 12 times
    9 since last reset
  • The average score is 20 of 50
Answer Stats
First Letter County(s) Population Answer % Correct
M Maricopa 517,981 Mesa
100%
P Maricopa 1,680,988 Phoenix
100%
S Maricopa 258,064 Scottsdale
100%
T Pima 548,082 Tucson
100%
F Coconino 75,044 Flagstaff
89%
Y Yuma 98,296 Yuma
89%
C Maricopa 261,149 Chandler
78%
G Maricopa 254,115 Gilbert
78%
T Maricopa 195,816 Tempe
78%
A Maricopa 87,917 Avondale
67%
G Maricopa 252,384 Glendale
67%
G Maricopa 86,843 Goodyear
67%
L Mohave 58,037 Lake Havasu City
67%
M Pinal 62,986 Maricopa
67%
P Maricopa, and Yavapai 175,960 Peoria
67%
P Yavapai 46,744 Prescott
67%
B Maricopa 79,624 Buckeye
56%
K Mohave 33,850 Kingman
56%
P Yavapai 48,048 Prescott Valley
56%
S Maricopa 141,674 Surprise
56%
Q Maricopa 66,369 Queen Creek
44%
S Maricopa 38,018 Sun City
44%
C Pinal 57,590 Casa Grande
33%
M Pima, and Pinal 54,487 Marana
33%
A Pinal 39,746 Apache Junction
22%
B Mohave 42,193 Bullhead City
22%
E Maricopa 35,823 El Mirage
22%
F Maricopa 23,768 Fountain Hills
22%
N Santa Cruz 19,753 Nogales
22%
O Pima 47,595 Oro Valley
22%
S Pinal 100,732 San Tan Valley
22%
S Maricopa 27,003 Sun City West
22%
A Maricopa 22,622 Anthem
11%
C Pima 51,756 Catalina Foothills
11%
G Cochise 16,118 Douglas
11%
E Pinal 16,671 Eloy
11%
F Pinal 25,961 Florence
11%
F Mohave 15,716 Fort Mohave
11%
G Pima 21,581 Green Valley
11%
P Gila 16,494 Payson
11%
S Pima 35,012 Sahuarita
11%
S Yuma 35,998 San Luis
11%
S Cochise 45,203 Sierra Vista
11%
C Pima 70,840 Cases Adobes
0%
D Pima 27,636 Drexel Heights
0%
F Pima 16,989 Flowing Wells
0%
F Yuma 28,227 Fortuna Foothills
0%
N Maricopa 18,365 New River
0%
R Santa Cruz 21,798 Rio Rico
0%
V Pima 15,722 Vail
0%
No matching quizzes found
Score Distribution
Percent of People with Each Score
Percentile by Number Answered
Your Score History
You have not taken this quiz since the last reset